Quiz ultime - Statistiques

Statistiques générales
  • Ce quiz a été pris 183 fois
    171 depuis la dernière actualisation
  • Le résultat moyen est 24 sur 50
Statistiques - réponses
Question Reponse % Correct
Pays où la vache est sacrée Inde
99%
Auteur du Petit Prince Saint-Exupéry
89%
Chapeau du professeur Tournesol Melon
82%
Pizza et composition de Vivaldi Quatre saisons
78%
Quel nom l'embryon humain prend il le 3e mois ? Fœtus
77%
Pays avec trois capitale Afrique du Sud
74%
De quelle divinité romaine le vendredi tient-il son nom ? Vénus
74%
Oiseau national de la Nouvelle-Zélande Kiwi
71%
Célèbre sculpteur du penseur Rodin
70%
Peintre anagramme de Pascal Obispo Pablo Picasso
68%
Se danse dans les rues de Buenos Aires Tango
67%
Capitale de la Jamaïque Kingston
66%
Généralement blanc le muguet peut aussi être de cette couleur Rose
61%
Ouagadougou est la capitale de ce pays Burkina Faso
59%
Héros grec qui a remporté la Toison d'or Jason
59%
Conifère en deux lettres If
58%
Femelle du sanglier Laie
58%
Judoka français qui a été ministre Douillet
52%
Deuxième pays avec le plus d'hindous Népal
52%
Philosophe chinois qui a donné son nom aux instituts de langues chinoises Confucius
51%
Sous l'ancien régime quel impôt représentent en principe 1/10 des produits de la terre ? Dime
50%
Femelle du lièvre Hase
50%
Chien sauvage au pelage roux très présent en Australie ? Dingo
49%
Fleur de montagne, emblème national de la suisse Edelweiss
47%
Terme signifiant littéralement hors du bourg par lequel on désigne les quartiers d'une ville Faubourg
47%
L'acacia doré est la ... nationale australienne Fleur
47%
Arbuste grimpant qui porte le nom de l'explorateur Bougainville Bougainvillier
46%
Décoration que porté autrefois les chevaliers de l'ordre du St esprit et expression évoquant une couleur désignant un bon cuisinier ? Cordon bleu
45%
Quel club de foot est connu pour son tiki-taka ? Barcelone
44%
Selon elle il faut laisser tomber les filles France Gall
44%
Quelle est l'origine du seul joueur pro du jeu league of legends ayant gagné 4 fois les championnats du monde sans changer d'équipe ? Corée du Sud (Faker)
43%
Empire romain d'orient Empire byzantin
38%
Oiseau qui peut dépérir si il n'est pas en couple Inséparable
38%
Autre nom pour Jacob en l'honneur duquel est nommé la terre promise Israël
38%
Epicube était un serveur de ce jeu Minecraft
38%
Seul pays asiatique enclavé par des pays eux même enclavés Ouzbékistan
38%
Animal national des États-Unis Pygargue à tête blanche
34%
Bleu persan Azur
30%
Matériau dans lequel sont construits la plupart des bâtiments d'Achgabat (capitale Turkménistan) Marbre
30%
Dramaturge athénien auteur de D'Œdipe roi Sophocle
28%
Capitale de St Vicent et les Grenadines Kingstown
24%
L'Akhal-Teké, symbole national turkmène, est une race de cet animal Cheval
23%
Instrument de musique en bois joué à l'origine par les Aborigènes australien Didjeridoo
23%
De quelle fleur extrait t-on le safran ? Crocus
22%
Année ou l'Arabie devient saoudite 1932
20%
Fruit et fleuve d'Afrique qui prend sa source au Lesotho Orange
19%
Ce méridien est le plus long du corps Le méridien de la vessie
9%
3e troisième plus grand fleuve au monde Yang-Tsé-Kiang
9%
Nombre estimé de châteaux en France 45 000
8%
Célèbre réalisateur américain et clarinettiste de jazz Woody Alen
6%
Aucun quiz correspondant
Distribution des résultats
% des personnes avec chaque résultat
Percentile par nombre de réponses
Votre historique - résultats
Vous n’avez pas pris ce quiz depuis la dernière actualisation